Total basketball: (Record no. 44834)
[ view plain ]
| 000 -LEADER | |
|---|---|
| fixed length control field | 00650nam a22001694a 4500 |
| 005 - DATE AND TIME OF LATEST TRANSACTION | |
| control field | 20100909145121.0 |
| 020 ## - INTERNATIONAL STANDARD BOOK NUMBER | |
| International Standard Book Number | 9781894963015 |
| Terms of availability | 1495.00 |
| 037 ## - SOURCE OF ACQUISITION | |
| Source of stock number/acquisition | Abilash Book Centre |
| 082 00 - DEWEY DECIMAL CLASSIFICATION NUMBER | |
| Classification number | 796.323 |
| 245 10 - TITLE STATEMENT | |
| Title | Total basketball: |
| Remainder of title | the ultimate basketball encyclopedia |
| 260 ## - PUBLICATION, DISTRIBUTION, ETC. (IMPRINT) | |
| Name of publisher, distributor, etc | Sport Media Publishing |
| Date of publication, distribution, etc | 2003 |
| Place of publication, distribution, etc | Canada |
| 270 ## - ADDRESS | |
| Address | 21 Car;pw Ave., Toronto, Ontario |
| City | Canada |
| 300 ## - PHYSICAL DESCRIPTION | |
| Extent | xvii, 1470p. |
| Other physical details | photos |
| Dimensions | 28cm(Hb) |
| 942 ## - ADDED ENTRY ELEMENTS (KOHA) | |
| Source of classification or shelving scheme | Dewey Decimal Classification |
| Item type | English Books |
| Classification part | 796.323 |
| Call number suffix | ULT |
| Withdrawn status | Lost status | Not for loan | Collection code | Home library | Current library | Date acquired | Cost, normal purchase price | Full call number | Copy number | Cost, replacement price | Koha item type |
|---|---|---|---|---|---|---|---|---|---|---|---|
| Ordered | Non-fiction | Andrews Gunj | Andrews Gunj | 09/09/2010 | 1495.00 | 796.323 ULT | 1 | 1495.00 | English Books |
